000 00806cam a2200265 4500
008 010921n2003 000 0 eng u
020 _a0415301181
022 _a0957171X
035 _a(Sirsi) u119520
050 _a624.05
110 _aDavis Langdon and Everest
_91155
245 _aSpon's civil engineering and highway works price book 2003
250 _a17th ed.
260 _aLondon
_bSpon Press
_c2003
300 _axliii,732p.
_c24cm.
350 _a120.00
520 _aAlso available on CD-ROM. Please ask at the enquiry desk for more details.
650 _aBUILT ENVIRONMENT-BUILDING COSTS
650 _aCIVIL ENGINEERING
650 _aHIGHWAY WORKS
650 _aBUILDING PRICE BOOKS
650 _aSPONS PRICE BOOKS
690 _aBUILT ENVIRONMENT-BUILDING COSTS
942 _n0
999 _c102327
_d102327